Teoría del mercado agrario (Record no. 148163)

MARC details
000 -LEADER
campo de control de longitud fija 00639nam a2200181 4500
001 - NÚMERO DE CONTROL
campo de control 148163
003 - IDENTIFICADOR DE NÚMERO DE CONTROL
campo de control ES-MaACL
005 - FECHA Y HORA DE LA ÚLTIMA TRANSACCIÓN
campo de control 20230906202450.0
007 - CAMPO FIJO DE DESCRIPCIÓN FÍSICA--INFORMACIÓN GENERAL
campo de control de longitud fija t|
008 - DATOS DE LONGITUD FIJA--INFORMACIÓN GENERAL
campo de control de longitud fija 070214s1969 sp r ||||1| spa d
100 1# - ENTRADA PRINCIPAL--NOMBRE DE PERSONA
Nombre de persona Stamer, Hans.
9 (RLIN) 107874
245 10 - MENCIÓN DEL TÍTULO
Título Teoría del mercado agrario
Resto del título : factores determinantes y tendencia del mercado /
Mención de responsabilidad, etc. Hans Stamer ; traducción de Germán Valcárcel-Resalt, Francisco Muñoz Escalona.
260 ## - PUBLICACIÓN, DISTRIBUCIÓN, ETC.
Lugar de publicación, distribución, etc. León :
Nombre del editor, distribuidor, etc. Academia,
Fecha de publicación, distribución, etc. 1969.
300 ## - DESCRIPCIÓN FÍSICA
Extensión 335 p. ;
Dimensiones 23 cm.
700 1# - ENTRADA AGREGADA--NOMBRE PERSONAL
Nombre de persona Valcárcel-Resalt, Germán.
9 (RLIN) 112476
700 1# - ENTRADA AGREGADA--NOMBRE PERSONAL
Nombre de persona Muñoz Escalona, Francisco.
9 (RLIN) 84408
852 ## - LOCALIZACIÓN
Ubicación ES-MaACL
Número de control de estantería C-41088
Sublocalización o colección R.80261
Holdings
Estatus retirado Estado de pérdida Estado de daño No para préstamo Biblioteca de origen Biblioteca actual Ubicación en estantería Fecha de adquisición Fuente de adquisición Total de préstamos Signatura topográfica completa Código de barras Visto por última vez Precio de reemplazo Tipo de ítem Koha
        Biblioteca del Ateneo de Madrid Biblioteca del Ateneo de Madrid Depósito 2 17/01/2008     C-41088 1154623 23/02/2023 23/02/2023 Libro impreso